000 00908nam a2200265 i 4500
003 DO-SdBNP
005 20240306184406.0
006 a||||gr|||| 00| 0
007 ta
008 230814e2023 dr ||||| |||| 00| e spa d
020 _a978994563970
040 _aDO-SdBNP
_bspa
_cBNPHU
_erda
082 4 _222
_bM433c
100 1 _aMatos Moquete, Manuel,
_d1944-
_eautor
_96349
245 1 3 _aManuel Mato Moquete El crisol de la criba:
_brelatos de aprendizaje. /
_cManuel Matos Moquete
264 1 _aSanto Domingo :
_bINFODOSU,
_c2023
300 _a571 páginas ;
_c23 cm.
336 _2rdacontent
_atexto
_btxt
337 _2rdamedia
_asin mediación
_bn
338 _2rdacarrier
_avolumen
_bnc
500 _aIncluye datos biográficos del autor en las solapas de las cubiertas
590 _aInventariado 2023 /MF
710 2 _aInstituto Superior de Formación Docente Salomé Ureña
_980965
942 _2ddc
_cLBS1
999 _c54392
_d54392